header

The Welsh answering system (Record no. 106864)

MARC details
000 -LEADER
fixed length control field 01441nam a2200373 a 4500
082 04 - DEWEY DECIMAL CLASSIFICATION NUMBER
Classification number 491.6/6/0141
100 1# - MAIN ENTRY--AUTHOR NAME
Personal name Jones, Bob Morris.
245 14 - TITLE STATEMENT
Title The Welsh answering system
260 ## - PUBLICATION, DISTRIBUTION, ETC. (IMPRINT)
Place of publication Berlin ;
-- New York :
Name of publisher Mouton de Gruyter,
Year of publication 1999.
300 ## - PHYSICAL DESCRIPTION
Number of Pages xvi, 360 p.
650 #0 - SUBJECT ADDED ENTRY--TOPICAL TERM
Topical Term Welsh language
Topical Term Welsh language
Topical Term Children
Topical Term Questions and answers.
856 40 - ELECTRONIC LOCATION AND ACCESS
Uniform Resource Identifier http://site.ebrary.com/lib/rucke/Doc?id=10585229

No items available.

© 2026 Rongo University
Contact us: librarian | system librarian | Rongo university